L'éveil à la danse chez le jeune enfant : Pédagogie éducative et artistique (notice n° 1548801)
[ vue normale ]
| 000 -LEADER | |
|---|---|
| fixed length control field | 00911cam a2200133 4500500 |
| 005 - DATE AND TIME OF LATEST TRANSACTION | |
| control field | 20251012042500.0 |
| 041 ## - LANGUAGE CODE | |
| Language code of text/sound track or separate title | fre |
| 042 ## - AUTHENTICATION CODE | |
| Authentication code | dc |
| 100 10 - MAIN ENTRY--PERSONAL NAME | |
| Personal name | Dereux veronique |
| Relator term | author |
| 245 00 - TITLE STATEMENT | |
| Title | L'éveil à la danse chez le jeune enfant : Pédagogie éducative et artistique |
| 260 ## - PUBLICATION, DISTRIBUTION, ETC. | |
| Name of publisher, distributor, etc. | L'Harmattan,<br/> |
| Date of publication, distribution, etc. | 2005.<br/> |
| 520 ## - SUMMARY, ETC. | |
| Summary, etc. | Selon que l’intentionnalité du professeur de danse, de l’éducateur ou du thérapeute s’oriente vers l’enfant ou vers la danse, les moyens pédagogiques ne seront pas les mêmes. Nous voudrions mettre en avant l’importance d’une danse éducative. Cette réflexion portera sur l’être corporel du jeune enfant principalement, sans oublier les adolescents et les adultes, et plus particulièrement dans le champ de la danse contemporaine. |
| 856 41 - ELECTRONIC LOCATION AND ACCESS | |
| Uniform Resource Identifier | <a href="https://shs.cairn.info/leveil-a-la-danse-chez-le-jeune-enfant--9782747592956?lang=fr&redirect-ssocas=7080">https://shs.cairn.info/leveil-a-la-danse-chez-le-jeune-enfant--9782747592956?lang=fr&redirect-ssocas=7080</a> |
Pas d'exemplaire disponible.




Réseaux sociaux